000 00787nam a22002657i 4500
003 URS
005 20260326151011.0
008 180503b xxu||||| |||| 00| 0 eng d
040 _aDAIT
_erda
_cURS
_beng
041 _aeng
050 1 4 _aG 155 A1
_bS48 2001
100 1 _aSeth, Pran Nath
245 1 0 _aSuccessful tourism management : volume II - Tourism Practices/
_cPran Nath Seth.-
264 1 _aNew Delhi :
_bSterling Pub.,
_c2001.
300 _a376 pages :
_c22 cm
336 _atext
_btxt
_2rdacontent
337 _aunmediated
_bn
_2rdamedia
338 _avolume
_bnc
_2rdacarrier
650 4 _aTourist trade
_xManagement.
650 4 _aTourist trade
_xPlanning.
650 4 _aTourist trade
_zIndia.
650 4 _aHotel management.
650 4 _aTravel agents.
942 _2lcc
_cFR
999 _c99221
_d99218